[Event "EU-ch blitz"]
[Site "Katowice"]
[Date "2017.12.15"]
[Round "2"]
[White "Kovalev, Denis"]
[Black "Zarebski, Cezary"]
[Result "1-0"]
[WhiteElo "2504"]
[BlackElo "1923"]
[PlyCount "62"]
[EventDate "2017.12.15"]
[EventType "swiss (blitz)"]
[EventRounds "22"]
[EventCountry "POL"]
[SourceTitle "CBM 182 Extra"]
[Source "ChessBase"]
[SourceDate "2018.02.23"]
[SourceVersion "1"]
[SourceVersionDate "2018.02.23"]
[SourceQuality "1"]

1. Nf3 Nf6 2. d4 c5 3. g3 cxd4 4. Nxd4 e5 5. Nb3 d5 6. Bg2 Nc6 7. 0-0 Be7 8. Bg5 Be6 9. Nc3 d4 10. Bxf6 Bxf6 11. Ne4 Be7 12. Nec5 Bd5 13. Nxb7 Qd7 14. N3c5 Bxc5 15. Nxc5 Qd6 16. Ne4 Qe7 17. c3 0-0 18. cxd4 exd4 19. Nf6+ Qxf6 20. Bxd5 Rac8 21. Rc1 Ne7 22. Be4 Rcd8 23. Qd3 g6 24. Rc7 Nc8 25. Rfc1 Nb6 26. Rxa7 Qe6 27. Rc6 Qe5 28. Rxb6 Qc5 29. Rbb7 Qc1+ 30. Kg2 Qg5 31. Qf3 d3 1-0

[Event "EU-ch blitz"]
[Site "Katowice"]
[Date "2017.12.15"]
[Round "1"]
[White "Zarebski, Cezary"]
[Black "Kovalev, Denis"]
[Result "0-1"]
[WhiteElo "1923"]
[BlackElo "2504"]
[PlyCount "86"]
[EventDate "2017.12.15"]
[EventType "swiss (blitz)"]
[EventRounds "22"]
[EventCountry "POL"]
[SourceTitle "CBM 182 Extra"]
[Source "ChessBase"]
[SourceDate "2018.02.23"]
[SourceVersion "1"]
[SourceVersionDate "2018.02.23"]
[SourceQuality "1"]

1. e4 c6 2. d4 d5 3. e5 c5 4. Nf3 Nc6 5. Be2 cxd4 6. 0-0 Bg4 7. Nxd4 Bxe2 8. Nxe2 Nxe5 9. Bf4 Nc6 10. Nbc3 Nf6 11. Qd2 e6 12. Rad1 Be7 13. a3 0-0 14. Nd4 Rc8 15. h3 Qb6 16. Nb3 Rfd8 17. Qe2 Bd6 18. Bg5 Be7 19. g4 d4 20. Ne4 Nxe4 21. Bxe7 Nxe7 22. Qxe4 Qc6 23. Qxc6 Nxc6 24. Rd2 e5 25. Re1 f6 26. Kg2 Kf7 27. Kg3 Rd5 28. h4 Na5 29. Nxa5 Rxa5 30. f4 Rac5 31. fxe5 fxe5 32. Ree2 Ke6 33. Rf2 R8c7 34. Kf3 Kd5 35. Kg3 g6 36. h5 e4 37. hxg6 hxg6 38. Rf6 e3 39. Re2 Rxc2 40. Kf3 Rxe2 41. Kxe2 Rc2+ 42. Ke1 d3 43. Rxg6 Rc1# 0-1

[Event "POL-chT 69th"]
[Site "Poland"]
[Date "2013.09.15"]
[Round "9.3"]
[White "Zarebski, Cezary"]
[Black "Krysztofiak, Marcin"]
[Result "1-0"]
[WhiteElo "2013"]
[BlackElo "2435"]
[PlyCount "41"]
[EventDate "2013.05.24"]
[EventType "team-tourn"]
[EventRounds "9"]
[EventCountry "POL"]
[SourceTitle "EXT 2014"]
[Source "ChessBase"]
[SourceDate "2013.11.20"]
[SourceVersion "1"]
[SourceVersionDate "2013.11.20"]
[SourceQuality "1"]
[WhiteTeam "Ostroda"]
[BlackTeam "Znin Baszta"]
[WhiteTeamCountry "POL"]
[BlackTeamCountry "POL"]

1. e4 d5 2. exd5 Qxd5 3. Nc3 Qd6 4. Nf3 Nf6 5. g3 Bg4 6. Bg2 Nc6 7. h3 Bh5 8. 0-0 0-0-0 9. d3 h6 10. Re1 g5 11. b4 Bg7 12. Rb1 g4 13. Bf4 Qd7 14. hxg4 Bxg4 15. Qd2 Nh5 16. Be3 Bxc3 17. Qxc3 Bh3 18. b5 Bxg2 19. bxc6 Qh3 20. cxb7+ Kd7 21. Qd4+ 1-0

[Event "Ostroda op 5th"]
[Site "Ostroda"]
[Date "2008.08.06"]
[Round "4.4"]
[White "Gajek, Radoslaw"]
[Black "Zarebski, Cezary"]
[Result "0-1"]
[WhiteElo "1663"]
[BlackElo "2036"]
[PlyCount "130"]
[EventDate "2008.08.04"]
[EventType "swiss"]
[EventRounds "9"]
[EventCountry "POL"]
[SourceTitle "EXT 2023"]
[Source "ChessBase"]
[SourceDate "2022.10.05"]
[SourceVersion "1"]
[SourceVersionDate "2022.10.05"]
[SourceQuality "1"]

1. e4 e5 2. Nf3 Nc6 3. d4 exd4 4. Bc4 Nf6 5. e5 d5 6. Bb5 Ne4 7. Nxd4 Bd7 8. Bxc6 bxc6 9. 0-0 Be7 10. Be3 0-0 11. f3 Nc5 12. f4 f5 13. Nd2 Ne6 14. N2f3 Nxd4 15. Bxd4 c5 16. Be3 c6 17. c3 Rb8 18. Qc2 h6 19. Rfe1 Rb7 20. Bf2 Be6 21. b3 Qb8 22. Rad1 a5 23. Nh4 Kh7 24. Qe2 g6 25. Nf3 Qc7 26. Rd2 Rfb8 27. Red1 Qc8 28. h3 a4 29. bxa4 Ra8 30. Rb2 Rxa4 31. Be3 Rxb2 32. Qxb2 Qa8 33. Qb6 Ra6 34. Qc7 Qa7 35. Qxa7 Rxa7 36. Ra1 Ra3 37. Bd2 Kg7 38. Kf2 Kf7 39. Ke2 Bc8 40. Kd1 Ba6 41. Ke1 Bc4 42. e6+ Kf6 43. Ne5 Bb5 44. Bc1 Rxc3 45. Bb2 Re3+ 46. Kd2 Re2+ 47. Kc1 d4 48. g4 fxg4 49. hxg4 Bd6 50. e7 Bxe7 51. a4 Ba6 52. Nxc6 Bd6 53. Kb1 Bxf4 54. Na5 Be5 55. Ra3 Re3 56. Ra1 Bc7 57. Nc6 Bb7 58. Nxd4 Be5 59. Nc2 Bxb2 60. Kxb2 Rg3 61. a5 Rxg4 62. a6 Ba8 63. a7 Re4 64. Na3 g5 65. Nb5 Rb4+ 0-1

[Event "Ostroda op 5th"]
[Site "Ostroda"]
[Date "2008.08.05"]
[Round "3.7"]
[White "Zarebski, Cezary"]
[Black "Stempka, Jerzy"]
[Result "1-0"]
[WhiteElo "2036"]
[BlackElo "1719"]
[PlyCount "75"]
[EventDate "2008.08.04"]
[EventType "swiss"]
[EventRounds "9"]
[EventCountry "POL"]
[SourceTitle "EXT 2023"]
[Source "ChessBase"]
[SourceDate "2022.10.05"]
[SourceVersion "1"]
[SourceVersionDate "2022.10.05"]
[SourceQuality "1"]

1. e4 c5 2. Nf3 d6 3. Bb5+ Bd7 4. Bxd7+ Nxd7 5. d4 Ngf6 6. e5 dxe5 7. dxe5 Ng4 8. e6 fxe6 9. 0-0 Qb6 10. Ng5 Ngf6 11. Nc3 h6 12. Nf3 g5 13. Qe2 Bg7 14. Re1 Kf7 15. Bxg5 hxg5 16. Nxg5+ Kg8 17. Nxe6 Qd6 18. g3 Re8 19. Rad1 Qc6 20. Nb5 Rh7 21. Nxa7 Qa4 22. Nb5 Bf8 23. c4 Qa5 24. Ng5 Rh5 25. h4 Qb6 26. b3 Rh6 27. Ne6 Rh7 28. Qc2 Qc6 29. Qg6+ Bg7 30. Ng5 Nf8 31. Qf7+ Kh8 32. Nxh7 N8xh7 33. Rxe7 Rg8 34. Rd3 Qc8 35. Nd6 Qg4 36. Kh2 Rf8 37. f3 Qh5 38. Qxg7# 1-0

[Event "Ostroda op"]
[Site "Ostroda"]
[Date "2006.08.10"]
[Round "5.13"]
[White "Olszewski, Marek"]
[Black "Zarebski, Cezary"]
[Result "1-0"]
[WhiteElo "2152"]
[BlackElo "2077"]
[PlyCount "39"]
[EventDate "2006.08.07"]
[EventType "swiss"]
[EventRounds "9"]
[EventCountry "POL"]
[SourceTitle "CBM 113 Extra"]
[Source "ChessBase"]
[SourceDate "2006.09.14"]
[SourceVersion "1"]
[SourceVersionDate "2006.09.14"]
[SourceQuality "1"]

1. e4 e5 2. Nc3 Bc5 3. f4 d6 4. Nf3 Nf6 5. Bc4 Nc6 6. d3 Bg4 7. Na4 Bxf3 8. Qxf3 Nd4 9. Qd1 Bb6 10. Nxb6 axb6 11. c3 Nc6 12. 0-0 h6 13. fxe5 dxe5 14. Qf3 Qd7 15. b4 0-0-0 16. a4 Kb8 17. Be3 Ng4 18. a5 bxa5 19. b5 Na7 20. Bxa7+ 1-0

[Event "POL-chT 58th 2nd League"]
[Site "Wisla"]
[Date "2002.??.??"]
[Round "?"]
[White "Zarebski, Cezary"]
[Black "Maslowski, Jakub"]
[Result "0-1"]
[WhiteElo "2091"]
[BlackElo "2034"]
[PlyCount "40"]
[EventDate "2002.08.30"]
[EventType "team-swiss"]
[EventRounds "11"]
[EventCountry "POL"]
[SourceTitle "EXT 2019"]
[Source "ChessBase"]
[SourceDate "2018.10.10"]
[SourceVersion "1"]
[SourceVersionDate "2018.10.10"]
[SourceQuality "1"]

1. e4 Nc6 2. b3 Nf6 3. Nc3 e5 4. Bb2 Bc5 5. Nf3 Ng4 6. d4 exd4 7. Na4 Bb4+ 8. c3 dxc3 9. Nxc3 Bc5 10. Bc4 Bxf2+ 11. Ke2 0-0 12. Nd5 Bc5 13. Qd3 d6 14. Raf1 Kh8 15. Qc3 f6 16. b4 Bb6 17. b5 Nce5 18. Bb3 Bd7 19. a4 Bc5 20. h3 Nh6 0-1

[Event "POL-chT 2nd div North"]
[Site "Lublin"]
[Date "1999.??.??"]
[Round "7"]
[White "Bialecki, Maciej"]
[Black "Zarebski, Cezary"]
[Result "1/2-1/2"]
[WhiteElo "2205"]
[BlackElo "2035"]
[PlyCount "26"]
[EventDate "1999.09.11"]
[EventType "team-swiss"]
[EventRounds "8"]
[EventCountry "POL"]
[SourceTitle "EXT 2003"]
[Source "ChessBase"]
[SourceDate "2002.11.25"]
[SourceVersion "1"]
[SourceVersionDate "2002.11.25"]
[SourceQuality "1"]
[WhiteTeam "Poznan Lech"]
[BlackTeam "Ostroda Kormoran"]
[WhiteTeamCountry "POL"]
[BlackTeamCountry "POL"]

1. e4 e5 2. d4 exd4 3. c3 Ne7 4. cxd4 d5 5. exd5 Nxd5 6. Nf3 Bb4+ 7. Bd2 Bxd2+ 8. Qxd2 0-0 9. Be2 Nd7 10. 0-0 N7f6 11. Nc3 Bf5 12. Rac1 c6 13. Nxd5 Nxd5 1/2-1/2

[Event "POL-chT 2nd div North"]
[Site "Lublin"]
[Date "1999.??.??"]
[Round "3"]
[White "Komorzycki, Jakub"]
[Black "Zarebski, Cezary"]
[Result "1/2-1/2"]
[WhiteElo "2165"]
[BlackElo "2035"]
[PlyCount "21"]
[EventDate "1999.09.11"]
[EventType "team-swiss"]
[EventRounds "8"]
[EventCountry "POL"]
[SourceTitle "EXT 2003"]
[Source "ChessBase"]
[SourceDate "2002.11.25"]
[SourceVersion "1"]
[SourceVersionDate "2002.11.25"]
[SourceQuality "1"]
[WhiteTeam "Deblin Czarni"]
[BlackTeam "Ostroda Kormoran"]
[WhiteTeamCountry "POL"]
[BlackTeamCountry "POL"]

1. a3 e5 2. c4 Nf6 3. Nc3 Be7 4. e3 0-0 5. Qc2 d5 6. cxd5 Nxd5 7. d3 Be6 8. Nf3 Nd7 9. Be2 c6 10. 0-0 f5 11. Re1 1/2-1/2

[Event "POL-chT 2nd div North"]
[Site "Lublin"]
[Date "1999.??.??"]
[Round "4"]
[White "Zarebski, Cezary"]
[Black "Franczak, Adrian"]
[Result "0-1"]
[WhiteElo "2035"]
[BlackElo "2255"]
[PlyCount "60"]
[EventDate "1999.09.11"]
[EventType "team-swiss"]
[EventRounds "8"]
[EventCountry "POL"]
[SourceTitle "EXT 2003"]
[Source "ChessBase"]
[SourceDate "2002.11.25"]
[SourceVersion "1"]
[SourceVersionDate "2002.11.25"]
[SourceQuality "1"]
[WhiteTeam "Ostroda Kormoran"]
[BlackTeam "Plock Wlodkowic"]
[WhiteTeamCountry "POL"]
[BlackTeamCountry "POL"]

1. e4 e5 2. Nf3 Nf6 3. Nc3 Bb4 4. Bc4 0-0 5. d3 c6 6. 0-0 d6 7. h3 Qe7 8. Bg5 h6 9. Bh4 Be6 10. Bb3 Nbd7 11. Ne2 Nc5 12. c3 Ba5 13. Bc2 Ncd7 14. Kh1 d5 15. Bxf6 Qxf6 16. Ng3 Bc7 17. Qe2 Rfe8 18. Nh2 Nf8 19. Qf3 Qxf3 20. Nxf3 Ng6 21. Ne2 dxe4 22. dxe4 Bc4 23. Nfg1 Nf4 24. Rfe1 Nxe2 25. Nxe2 Red8 26. Rad1 Rxd1 27. Bxd1 Rd8 28. Nc1 Rd2 29. b3 Ba6 30. f3 Bb6 0-1